[Event "12sen.WM-H Naumburg"]
[Site "Naumburg/Saale(20.10.-03.11.)"]
[Date "2002.10.29"]
[Round "7"]
[White "Lainburg, Victor"]
[Black "Katalymov, Boris"]
[Result "0-1"]
[WhiteElo "2235"]
[BlackElo "2378"]
[PlyCount "144"]
[EventDate "2002.11.??"]

1. Nf3 Nf6 2. b3 d5 3. Bb2 e6 4. e3 a5 5. a3 c5 6. d4 Bd7 7. Ne5 Nc6 8. Nxd7
Qxd7 9. Nd2 cxd4 10. exd4 Be7 11. Bd3 O-O 12. O-O Rfd8 13. Re1 Qc7 14. Qe2 Nd7
15. Nf3 Bf6 16. Rad1 g6 17. c4 a4 18. cxd5 exd5 19. b4 Nf8 20. Bb5 Qb6 21. Bxc6
Qxc6 22. Rc1 Qa6 23. Qxa6 Rxa6 24. Rc7 Rb6 25. Rec1 Ne6 26. Rc8 Rbd6 27. g3 Kf8
28. Kf1 Ke7 29. Ke2 Rxc8 30. Rxc8 Rc6 31. Rxc6 bxc6 32. Kd3 Kd7 33. Bc1 Nc7 34.
Bd2 h5 35. Bc1 Ke6 36. Nd2 Nb5 37. Bb2 Kf5 38. f3 g5 39. Nf1 g4 40. Ne3+ Kg5
41. f4+ Kg6 42. Nd1 Kf5 43. Ne3+ Ke6 44. Nd1 Bg7 45. Ne3 f5 46. Nd1 Bf6 47. Ke3
Kf7 48. Nf2 Nd6 49. Bc1 Nc4+ 50. Kd3 h4 51. gxh4 Bxh4 52. Nd1 Nd6 53. Ke3 Nc4+
54. Kd3 Kg6 55. Nc3 Nb6 56. b5 cxb5 57. Nxb5 Be7 58. Ke2 Kf7 59. Kf2 Bh4+ 60.
Ke2 Ke6 61. Bd2 Be7 62. Bc1 Bf8 63. Kd3 Nc4 64. Nc3 Nb6 65. Kc2 Kd6 66. Kb2 Kc6
67. Nd1 Bd6 68. Kc2 Nc4 69. Kd3 Bc7 70. Nc3 Bb6 71. Nxa4 Bxd4 72. Nb2 Nxb2+ 0-1

[Event "12sen.WM-H Naumburg"]
[Site "Naumburg/Saale(20.10.-03.11.)"]
[Date "2002.10.29"]
[Round "7"]
[White "Langer, Wolfgang[39Leipz]"]
[Black "Barnstedt, Dietrich"]
[Result "1-0"]
[WhiteElo "1813"]
[BlackElo "2035"]
[PlyCount "73"]
[EventDate "2002.11.??"]

1. d4 Nf6 2. g3 d6 3. Bg2 Nbd7 4. e4 e5 5. Ne2 Be7 6. Nbc3 c6 7. a4 O-O 8. O-O
exd4 9. Nxd4 Nc5 10. b4 Ne6 11. Nf5 Re8 12. Nxe7+ Qxe7 13. b5 Bd7 14. Ba3 Nc5
15. Qd4 Rad8 16. f4 b6 17. Rfe1 cxb5 18. axb5 Bc8 19. Bb4 Qc7 20. Ra3 a5 21.
bxa6 Nxa6 22. Rea1 Nxb4 23. Qxb4 Qc5+ 24. Qxc5 dxc5 25. e5 Ng4 26. Ne4 Bb7 27.
Nd6 Bxg2 28. Kxg2 Re7 29. h3 f6 30. hxg4 fxe5 31. Ra8 Red7 32. Rxd8+ Rxd8 33.
fxe5 Kf8 34. Ra7 b5 35. Kf3 b4 36. Ke4 Rb8 37. e6 1-0

[Event "12sen.WM-H Naumburg"]
[Site "Naumburg/Saale(20.10.-03.11.)"]
[Date "2002.10.29"]
[Round "7"]
[White "Lieb, Harald"]
[Black "Hohler, Peter"]
[Result "1-0"]
[WhiteElo "2314"]
[BlackElo "2210"]
[PlyCount "61"]
[EventDate "2002.11.??"]

1. d4 Nf6 2. c4 e6 3. Nf3 Bb4+ 4. Nbd2 O-O 5. g3 d5 6. Qc2 Nbd7 7. a3 Be7 8.
Bg2 c6 9. O-O b6 10. e4 Bb7 11. e5 Ne8 12. Re1 c5 13. dxc5 Nxc5 14. b4 Nd7 15.
cxd5 Bxd5 16. Ne4 Rc8 17. Qd3 Qc7 18. Bf4 Qb7 19. Nc3 Bc4 20. Qd2 Nb8 21. Bg5
Bxg5 22. Nxg5 Qe7 23. Be4 f5 24. exf6 gxf6 25. Nd5 Bxd5 26. Bxd5 Nc7 27. Nxe6
Nxd5 28. Nxf8 Qb7 29. Ne6 Nd7 30. Rad1 Ne5 31. Rxe5 1-0

[Event "12sen.WM-H Naumburg"]
[Site "Naumburg/Saale(20.10.-03.11.)"]
[Date "2002.10.29"]
[Round "7"]
[White "Lundberg, Gunnar"]
[Black "Fiedler, Eduard"]
[Result "0-1"]
[WhiteElo "1972"]
[BlackElo "1597"]
[PlyCount "38"]
[EventDate "2002.11.??"]

1. e4 e6 2. d4 d5 3. Nc3 c5 4. dxc5 d4 5. Nb5 Bxc5 6. c3 Nc6 7. Nf3 e5 8. b4
Bb6 9. Qa4 dxc3 10. Bc4 Nh6 11. Bg5 f6 12. Rd1 Qe7 13. Bxh6 gxh6 14. Nd6+ Kf8
15. Rd3 Nd4 16. Nxd4 exd4 17. Nf7 Qxe4+ 18. Kd1 Qxg2 19. Re1 Bg4+ 0-1

[Event "12sen.WM-H Naumburg"]
[Site "Naumburg/Saale(20.10.-03.11.)"]
[Date "2002.10.29"]
[Round "7"]
[White "Maassen, Hermann"]
[Black "Kraemer, Marianne"]
[Result "1-0"]
[WhiteElo "1635"]
[BlackElo "1480"]
[PlyCount "141"]
[EventDate "2002.11.??"]

1. e4 e5 2. f4 d6 3. Nf3 Bg4 4. Bc4 Qf6 5. O-O exf4 6. d4 Nc6 7. c3 O-O-O 8. b4
g5 9. Qb3 Bxf3 10. Rxf3 Nh6 11. a4 Bg7 12. Ra2 Rhe8 13. Bd3 Re7 14. Na3 Rde8
15. Nc4 Nxd4 16. cxd4 Qxd4+ 17. Kh1 Qf6 18. Bb2 Qg6 19. Bxg7 Qxg7 20. Qc2 Qd4
21. b5 Ng4 22. Qc1 h5 23. a5 Ne5 24. Nxe5 Rxe5 25. b6 Rc5 26. Qb1 cxb6 27. axb6
a5 28. Rc2 Ree5 29. Qa2 Rxc2 30. Qxc2+ Rc5 31. Qb1 a4 32. g3 Rc3 33. gxf4 g4
34. Rg3 Kd8 35. h4 Qc5 36. Kh2 Qf2+ 37. Rg2 Qxf4+ 38. Rg3 Qf2+ 39. Rg2 Qxh4+
40. Kg1 Qg5 41. Bc2 Qe3+ 42. Kf1 Qf3+ 43. Rf2 Qh3+ 44. Ke2 Qe3+ 45. Kf1 Qh3+
46. Ke2 Ke7 47. Qa2 Qe3+ 48. Kf1 f6 49. Qxa4 Ra3 50. Qb5 Ra1+ 51. Bb1 Qh3+ 52.
Ke2 g3 53. Rf3 Qg2+ 54. Ke3 Ra3+ 55. Bd3 Qg1+ 56. Kf4 Qc1+ 57. Kxg3 Qg1+ 58.
Kf4 Qg5+ 59. Qxg5 fxg5+ 60. Kxg5 Ra5+ 61. Rf5 Ra3 62. Bc4 Rg3+ 63. Kxh5 Rh3+
64. Kg6 Rg3+ 65. Rg5 Rf3 66. Kh7 Rh3+ 67. Kg8 Kf6 68. Rg7 Ke5 69. Bd5 Rf3 70.
Rxb7 Rg3+ 71. Rg7 1-0

[Event "12sen.WM-H Naumburg"]
[Site "Naumburg/Saale(20.10.-03.11.)"]
[Date "2002.10.29"]
[Round "7"]
[White "Malinichev, Konstantin"]
[Black "Igney, Volkhard"]
[Result "1/2-1/2"]
[WhiteElo "1000"]
[BlackElo "2254"]
[PlyCount "78"]
[EventDate "2002.11.??"]

1. e4 c6 2. d4 d5 3. Nd2 dxe4 4. Nxe4 Nd7 5. Bc4 e6 6. Nf3 Ngf6 7. Nxf6+ Nxf6
8. Qe2 Be7 9. O-O O-O 10. Bf4 b5 11. Bd3 a6 12. Rad1 Qb6 13. Ne5 Bb7 14. Rfe1
Rad8 15. c3 c5 16. dxc5 Qxc5 17. Bg3 Bd5 18. Bb1 Qb6 19. Bh4 Qb7 20. f3 Rfe8
21. Qc2 g6 22. Bf2 Qc7 23. Bd4 Bc5 24. Qf2 Bxd4 25. Rxd4 Bb7 26. Rf4 Qe7 27.
Bc2 Rf8 28. a4 Rd6 29. axb5 axb5 30. Qc5 Nd5 31. Rd4 b4 32. Nc4 Rd7 33. cxb4
Nxb4 34. Qxe7 Rxe7 35. Bb3 Bd5 36. Ne3 Rb7 37. Nxd5 Nxd5 38. Bxd5 exd5 39. b4
Rfb8 1/2-1/2

[Event "12sen.WM-H Naumburg"]
[Site "Naumburg/Saale(20.10.-03.11.)"]
[Date "2002.10.29"]
[Round "7"]
[White "Marzoll, Wolfgang"]
[Black "Titz, Herbert"]
[Result "1/2-1/2"]
[WhiteElo "2325"]
[BlackElo "2089"]
[PlyCount "36"]
[EventDate "2002.11.??"]

1. e4 c5 2. Nf3 e6 3. c3 Nf6 4. e5 Nd5 5. d4 cxd4 6. Bc4 Nb6 7. Bb3 d6 8. Bg5
Be7 9. Bxe7 Qxe7 10. exd6 Qxd6 11. Na3 Bd7 12. O-O Na6 13. Nxd4 O-O 14. Qh5 Ba4
15. Nc4 Nxc4 16. Bxc4 Qc5 17. Qe2 Nc7 18. Rfe1 Rad8 1/2-1/2

[Event "12sen.WM-H Naumburg"]
[Site "Naumburg/Saale(20.10.-03.11.)"]
[Date "2002.10.29"]
[Round "7"]
[White "Maugg, Ludwig"]
[Black "Filzmaier, Bruno"]
[Result "1-0"]
[WhiteElo "2142"]
[BlackElo "2012"]
[PlyCount "91"]
[EventDate "2002.11.??"]

1. d4 e6 2. c4 d5 3. Nc3 Nf6 4. cxd5 exd5 5. Bg5 c6 6. e3 Be7 7. Bd3 O-O 8. Qc2
g6 9. Nge2 Nh5 10. Bh6 Re8 11. Ng3 Bg5 12. Bxg5 Qxg5 13. Nce2 f5 14. h4 Qh6 15.
Nxh5 Qxh5 16. Nf4 Qh6 17. O-O-O Nd7 18. h5 g5 19. Ne2 f4 20. exf4 gxf4 21. Qd2
Nf6 22. Qxf4 Qxf4+ 23. Nxf4 Ne4 24. Rhf1 Nd6 25. f3 Bf5 26. g4 Bxd3 27. Nxd3
Nb5 28. Nf4 Rf8 29. Ne2 Rae8 30. Ng3 Nd6 31. Rd3 Rf4 32. b3 Ref8 33. Kc2 Ne4
34. Nf5 Ng5 35. Re3 Ne4 36. Rg1 Nf6 37. Kd3 Re8 38. Rxe8+ Nxe8 39. Ke3 Rxf5 40.
gxf5+ Kf7 41. Kf4 Kf6 42. h6 Nd6 43. Rg7 Nxf5 44. Rxh7 Kg6 45. Rxb7 Nxh6 46.
Rxa7 1-0

[Event "12sen.WM-H Naumburg"]
[Site "Naumburg/Saale(20.10.-03.11.)"]
[Date "2002.10.29"]
[Round "7"]
[White "Mayers, Dan_E"]
[Black "Krueger, Sigurd"]
[Result "1-0"]
[WhiteElo "2079"]
[BlackElo "1872"]
[PlyCount "51"]
[EventDate "2002.11.??"]

1. e4 c5 2. d4 cxd4 3. c3 dxc3 4. Nxc3 Nc6 5. Bc4 e6 6. Nf3 a6 7. a4 Qc7 8. O-O
Nf6 9. Qe2 Ne5 10. Nxe5 Qxe5 11. Kh1 Bb4 12. f4 Qh5 13. Qe3 Qc5 14. Qe2 Bxc3
15. bxc3 d5 16. exd5 Nxd5 17. Ba3 Qe3 18. Qg4 Qxc3 19. Bxd5 exd5 20. Rfe1+ Kd8
21. Qg5+ f6 22. Qxd5+ Bd7 23. Be7+ Kc8 24. Rac1 Qc6 25. Red1 Re8 26. Qxd7+ 1-0

[Event "12sen.WM-H Naumburg"]
[Site "Naumburg/Saale(20.10.-03.11.)"]
[Date "2002.10.29"]
[Round "7"]
[White "Meinhardt, Guenther"]
[Black "Reichert, Rudolf"]
[Result "1-0"]
[WhiteElo "1763"]
[BlackElo "1581"]
[PlyCount "99"]
[EventDate "2002.11.??"]

1. Nf3 d5 2. g3 Nc6 3. d4 Bf5 4. a3 h6 5. Bg2 Be4 6. O-O Nf6 7. c3 e6 8. Nbd2
Bd6 9. Nxe4 dxe4 10. Nd2 e3 11. fxe3 Nd5 12. Nc4 Be7 13. e4 Nb6 14. Nd2 Bg5 15.
Nf3 Nc4 16. Nxg5 hxg5 17. Qd3 Nb6 18. Qf3 Qe7 19. a4 Nc4 20. b3 N4a5 21. Ba3
Qd7 22. Rab1 f6 23. Qd3 Ne7 24. Bxe7 Kxe7 25. b4 Nc6 26. Qb5 a6 27. Qc4 b6 28.
e5 Na7 29. Bxa8 Rxa8 30. exf6+ gxf6 31. Qd3 f5 32. Qf3 Rf8 33. e4 f4 34. Qh5
Qc6 35. Qxg5+ Ke8 36. Qg6+ Kd8 37. Rbc1 Qc4 38. Qg5+ Kc8 39. Rxf4 Rd8 40. Qg4
Nc6 41. d5 Nxb4 42. Qxe6+ Kb8 43. Qe7 Rc8 44. Qxb4 Qd3 45. Qd4 Qe2 46. d6 Qb2
47. dxc7+ Ka7 48. Rff1 Rxc7 49. a5 Rh7 50. Qxb6+ 1-0

[Event "12sen.WM-H Naumburg"]
[Site "Naumburg/Saale(20.10.-03.11.)"]
[Date "2002.10.29"]
[Round "7"]
[White "Meszaros, Ignac"]
[Black "Fotland, Hans_Christian"]
[Result "1/2-1/2"]
[WhiteElo "2144"]
[BlackElo "1819"]
[PlyCount "266"]
[EventDate "2002.11.??"]

1. Nf3 Nf6 2. g3 e6 3. d4 c5 4. Bg2 Nc6 5. O-O Be7 6. c3 O-O 7. Nbd2 cxd4 8.
Nxd4 d5 9. N2f3 Bd6 10. Nb5 Bb8 11. Be3 Qe7 12. b4 b6 13. Nbd4 Bb7 14. Nxc6
Bxc6 15. Nd4 Bb7 16. Bg5 Rc8 17. Rc1 Rc4 18. Qb3 Be5 19. Nf3 Bd6 20. Nd2 Rc7
21. e4 dxe4 22. Nxe4 Bxe4 23. Bxe4 Rac8 24. Bf3 h6 25. Be3 Nd7 26. a3 Ne5 27.
Be2 Nc4 28. Bxc4 Rxc4 29. Rfd1 Be5 30. Bc5 R8xc5 31. bxc5 Qxc5 32. Rd8+ Kh7 33.
Rd3 b5 34. Qc2 g6 35. Qb3 h5 36. Rf3 Kg7 37. Rd1 Bxc3 38. Rd7 Bf6 39. Qe3 Qxe3
40. Rxe3 Ra4 41. Rb7 a6 42. Rxe6 Rxa3 43. Rd6 Be5 44. Rdd7 Rf3 45. Rb6 Bc3 46.
Kg2 Rf5 47. Rxa6 b4 48. Rb7 Bd2 49. Rab6 Rd5 50. Rc6 Rf5 51. Rc2 Bc3 52. Re2
Kf8 53. Re3 Kg7 54. Rf3 Rf6 55. Rxf6 Kxf6 56. Kf3 Ke6 57. Ke4 Kf6 58. h4 Be1
59. Rb6+ Kg7 60. Kf4 Bd2+ 61. Kf3 Be1 62. Ke2 Bc3 63. f3 Kf8 64. g4 hxg4 65.
fxg4 Kg7 66. h5 Kh6 67. hxg6 fxg6 68. Rb5 Kg7 69. Kd3 Kf6 70. Ke4 Be1 71. g5+
Kf7 72. Kd5 Bd2 73. Kd6 Bf4+ 74. Kd7 b3 75. Rxb3 Bxg5 76. Rf3+ Kg7 77. Ke6 Bd2
78. Rf7+ Kh6 79. Rf2 Be3 80. Rf3 Bd2 81. Kf7 Kh5 82. Rh3+ Kg4 83. Rh2 Bf4 84.
Rg2+ Kf5 85. Rxg6 Ke5 86. Rb6 Be3 87. Re6+ Kf4 88. Kg6 Kf3 89. Kf5 Bg1 90. Ra6
Kg2 91. Kg4 Kh1 92. Kh3 Bd4 93. Rd6 Bf2 94. Rd3 Bg1 95. Rd5 Be3 96. Kg3 Bb6 97.
Rd7 Be3 98. Rh7+ Kg1 99. Re7 Bf2+ 100. Kf3 Bd4 101. Rd7 Bc5 102. Rc7 Bd4 103.
Rc4 Be5 104. Re4 Bd6 105. Rg4+ Kh1 106. Rd4 Bh2 107. Rd1+ Bg1 108. Rb1 Kh2 109.
Rb5 Kh1 110. Rb2 Bh2 111. Kg4 Bg1 112. Kh3 Be3 113. Rh2+ Kg1 114. Re2 Bf2 115.
Rb2 Bd4 116. Rb4 Bc5 117. Rb5 Be3 118. Kg3 Bf2+ 119. Kf3 Bd4 120. Rd5 Bb6 121.
Rb5 Bc7 122. Rg5+ Kh1 123. Rc5 Bh2 124. Rh5 Kg1 125. Rg5+ Kh1 126. Kf2 Bc7 127.
Rb5 Bd6 128. Rd5 Bc7 129. Rb5 Bd6 130. Rh5+ Bh2 131. Kf3 Kg1 132. Rg5+ Kh1 133.
Kf2 Bc7 1/2-1/2

[Event "12sen.WM-H Naumburg"]
[Site "Naumburg/Saale(20.10.-03.11.)"]
[Date "2002.10.29"]
[Round "7"]
[White "Moschell, Hans_Helmut"]
[Black "Fronczek, Heinrich"]
[Result "1-0"]
[WhiteElo "1847"]
[BlackElo "2272"]
[PlyCount "89"]
[EventDate "2002.11.??"]

1. c4 c5 2. Nc3 g6 3. g3 Bg7 4. Bg2 Nc6 5. Nf3 Nf6 6. O-O O-O 7. d4 cxd4 8.
Nxd4 Qb6 9. Nc2 d6 10. Qd2 Be6 11. b3 Rfd8 12. e4 Ng4 13. h3 Nge5 14. Kh2 Qa5
15. Nd5 Bxd5 16. exd5 Qxd2 17. Bxd2 Nb8 18. Rae1 Kf8 19. f4 Ned7 20. Re3 Na6
21. Rfe1 Bf6 22. Bc3 Bxc3 23. Rxc3 Rac8 24. Nd4 Ndc5 25. Rce3 Re8 26. Bf3 Nc7
27. Bg4 Rcd8 28. h4 h5 29. Bh3 Nd7 30. g4 hxg4 31. Bxg4 Nf6 32. Kg3 Ra8 33. f5
b5 34. Nc6 Nxg4 35. Kxg4 gxf5+ 36. Kxf5 bxc4 37. Nxe7 c3 38. h5 Kg7 39. h6+ Kh7
40. Rg1 c2 41. Rg7+ Kh8 42. Rxf7 Rf8 43. Ng6+ Kg8 44. h7+ Kxf7 45. Re7# 1-0

[Event "12sen.WM-H Naumburg"]
[Site "Naumburg/Saale(20.10.-03.11.)"]
[Date "2002.10.29"]
[Round "7"]
[White "Mueller, Hartmut_Dieter"]
[Black "Roellig, Wolfgang"]
[Result "1/2-1/2"]
[WhiteElo "1505"]
[BlackElo "1442"]
[PlyCount "76"]
[EventDate "2002.11.??"]

1. e4 e6 2. d4 d5 3. Nc3 Nf6 4. e5 Nfd7 5. Nf3 c5 6. Ng5 cxd4 7. Qxd4 Nc6 8.
Qf4 Ncxe5 9. Bb5 Qf6 10. O-O Qxf4 11. Bxf4 Nc6 12. Rfe1 a6 13. Bd3 Nf6 14. a3
h6 15. Nf3 Be7 16. b4 b5 17. h3 O-O 18. Ne2 Rd8 19. Ned4 Nxd4 20. Nxd4 Bd7 21.
Re3 Rdc8 22. Rg3 Kh8 23. Re3 Nh5 24. Bh2 Bf6 25. Be5 Bxe5 26. Rxe5 Nf6 27. h4
Rg8 28. f3 Rac8 29. Kf2 Ne8 30. g4 f6 31. Rh5 e5 32. Nf5 Bxf5 33. Bxf5 Rc7 34.
Rc1 Nd6 35. Be6 Re8 36. Bxd5 Kh7 37. g5 Rf8 38. g6+ Kxg6 1/2-1/2

[Event "12sen.WM-H Naumburg"]
[Site "Naumburg/Saale(20.10.-03.11.)"]
[Date "2002.10.29"]
[Round "7"]
[White "Neese, Hans_Joachim"]
[Black "Hamm, Georg"]
[Result "0-1"]
[WhiteElo "2247"]
[BlackElo "2078"]
[PlyCount "122"]
[EventDate "2002.11.??"]

1. d4 Nf6 2. c4 c5 3. d5 g6 4. Nc3 Bg7 5. Nf3 d6 6. e4 O-O 7. Bd3 Bg4 8. h3
Bxf3 9. Qxf3 Nbd7 10. Qe2 e6 11. dxe6 fxe6 12. O-O Ne5 13. Be3 Nh5 14. Qd2 a6
15. Be2 Nf6 16. Rad1 Nf7 17. f4 Qe7 18. Bf3 Rab8 19. a4 b6 20. g4 Ne8 21. Kg2
Rd8 22. g5 Nc7 23. h4 Rfe8 24. Rde1 Qd7 25. Qc2 b5 26. axb5 axb5 27. b3 bxc4
28. bxc4 Na6 29. Bg4 Nb4 30. Qd2 Qb7 31. Bf3 Qa6 32. Nb5 Re7 33. Bf2 Qa4 34.
Bd1 Qa8 35. Bf3 Qa4 36. Bd1 Qa8 37. Kg3 Qc6 38. Bf3 Qa6 39. Re3 Ra8 40. Ra3 Qc8
41. Nxd6 Nxd6 42. Rxa8 Qxa8 43. Qxd6 Bf8 44. Rd1 e5 45. Qd2 exf4+ 46. Kg2 Ra7
47. e5 Qc8 48. Qxf4 Rf7 49. Qe4 Na2 50. Rd3 Nb4 51. Rd2 Qa6 52. Re2 Qa3 53. Re3
Qc1 54. e6 Ra7 55. Re1 Qb2 56. Re2 Qc1 57. Be3 Qc3 58. Bd2 Qd3 59. Qxd3 Nxd3
60. Bd5 Be7 61. Kf3 Ra3 0-1

[Event "12sen.WM-H Naumburg"]
[Site "Naumburg/Saale(20.10.-03.11.)"]
[Date "2002.10.29"]
[Round "7"]
[White "Oelert, Ralf"]
[Black "Ljubarskij, Jurij"]
[Result "1/2-1/2"]
[WhiteElo "2077"]
[BlackElo "2317"]
[PlyCount "122"]
[EventDate "2002.11.??"]

1. d4 f5 2. e3 Nf6 3. Bd3 e6 4. Nd2 d5 5. c4 Be7 6. f4 O-O 7. Ngf3 c5 8. Ne5
Nc6 9. cxd5 exd5 10. Ndf3 c4 11. Bc2 Bb4+ 12. Bd2 Qa5 13. a3 c3 14. bxc3 Bxc3
15. O-O Ne4 16. Bxc3 Qxc3 17. Qe2 Nxe5 18. Nxe5 Be6 19. Bxe4 fxe4 20. Rfc1 Qa5
21. Rc5 Qa4 22. Qc2 Qxc2 23. Rxc2 Rfc8 24. Rac1 Kf8 25. Kf2 Ke7 26. Ke2 Kd6 27.
Kd2 Rxc2+ 28. Rxc2 h5 29. Rc5 h4 30. Ng6 h3 31. g3 b6 32. Rc3 Bd7 33. Ne5 Be8
34. Kc2 a5 35. Kb3 Rb8 36. Ng4 b5 37. Rc2 Bh5 38. Nf2 Bf3 39. Rc5 Bg2 40. Kb2
Bf1 41. Kb3 Bc4+ 42. Kb2 a4 43. Kc3 Rf8 44. Nd1 g5 45. Kd2 gxf4 46. exf4 b4 47.
axb4 a3 48. Ne3 a2 49. Nxc4+ dxc4 50. Ra5 Rb8 51. Kc3 e3 52. Rxa2 Kd5 53. Ra5+
Ke4 54. Re5+ Kf3 55. f5 Rg8 56. f6 Rf8 57. Kxc4 Ke2 58. d5 Kd2 59. Kd4 e2 60.
Rxe2+ Kxe2 61. Ke5 Kf3 1/2-1/2

[Event "12sen.WM-H Naumburg"]
[Site "Naumburg/Saale(20.10.-03.11.)"]
[Date "2002.10.29"]
[Round "7"]
[White "Ollek, Karl_Heinz"]
[Black "Schwagrowski, Bernd"]
[Result "1-0"]
[WhiteElo "1663"]
[BlackElo "1543"]
[PlyCount "59"]
[EventDate "2002.11.??"]

1. c4 Nf6 2. Nc3 g6 3. g3 Bg7 4. Bg2 O-O 5. Nf3 d6 6. O-O e5 7. e3 Nbd7 8. Re1
Re8 9. d3 Rb8 10. Rb1 a6 11. a4 c5 12. Nd2 b6 13. b4 Bb7 14. e4 Bc8 15. Nd5
Nxd5 16. cxd5 Rb7 17. Nc4 Nf6 18. Bd2 Ng4 19. h3 Nh6 20. a5 bxa5 21. Nxa5 Rb5
22. Nc6 Qc7 23. Qc1 Nf5 24. exf5 Bxf5 25. Qc4 Bd7 26. Be3 cxb4 27. Rxb4 Rxb4
28. Qxb4 f5 29. Qc4 Ra8 30. Ne7+ 1-0

[Event "12sen.WM-H Naumburg"]
[Site "Naumburg/Saale(20.10.-03.11.)"]
[Date "2002.10.29"]
[Round "7"]
[White "Olsen, Willy"]
[Black "Broberg, Horst"]
[Result "0-1"]
[WhiteElo "1842"]
[BlackElo "2157"]
[PlyCount "100"]
[EventDate "2002.11.??"]

1. d4 e6 2. c4 Nf6 3. Nc3 Bb4 4. Qc2 d6 5. Nf3 O-O 6. a3 Bxc3+ 7. Qxc3 Ne4 8.
Qc2 f5 9. e3 b6 10. Bd3 Bb7 11. b4 a5 12. Bb2 axb4 13. axb4 Rxa1+ 14. Bxa1 Na6
15. Qb2 Qe7 16. b5 Nb8 17. O-O Nd7 18. Qe2 Ra8 19. Qb2 Ndf6 20. Bxe4 Nxe4 21.
Nd2 Nf6 22. f3 d5 23. Re1 Ra4 24. e4 fxe4 25. fxe4 dxc4 26. Qc2 Ra8 27. Bc3 Qd7
28. Rb1 Qf7 29. Rf1 Qg6 30. Re1 Nd5 31. Qb2 Nf4 32. Nxc4 Bxe4 33. Ne5 Qf5 34.
Rf1 Bd5 35. Nc6 Qe4 36. Ne7+ Kh8 37. Nxd5 Nxd5 38. Re1 Qg4 39. Bd2 h6 40. h3
Qg6 41. Qb3 Kg8 42. Rf1 Qe4 43. Qb2 Ra4 44. Kh1 Qxd4 45. Qb3 Ra1 46. Rxa1 Qxa1+
47. Kh2 Qe5+ 48. Kh1 Qe2 49. Qa2 Qxb5 50. Qa8+ Kf7 0-1

[Event "12sen.WM-H Naumburg"]
[Site "Naumburg/Saale(20.10.-03.11.)"]
[Date "2002.10.29"]
[Round "7"]
[White "Opl, Klaus_Dr"]
[Black "Schlag, Franz"]
[Result "1-0"]
[WhiteElo "2279"]
[BlackElo "2155"]
[PlyCount "61"]
[EventDate "2002.11.??"]

1. d4 d5 2. c4 Nc6 3. Nc3 Nf6 4. Nf3 Bg4 5. cxd5 Bxf3 6. gxf3 Nxd5 7. e4 Nxc3
8. bxc3 e5 9. d5 Ne7 10. Rb1 Rb8 11. Be3 Qc8 12. Qa4+ Kd8 13. Qxa7 Ra8 14. Qxb7
Qxb7 15. Rxb7 Ng6 16. Ra7 Rb8 17. Bd3 Nf4 18. Kd2 Kd7 19. Rb1 Rxb1 20. Bxb1 Bd6
21. Bc2 Rb8 22. Ba4+ Kd8 23. Kc2 Ng2 24. Bg5+ f6 25. Bd2 Nh4 26. c4 Nxf3 27.
Ba5 Nd4+ 28. Kd3 Rc8 29. Bd1 g6 30. Ra6 f5 31. Rxd6+ 1-0

[Event "12sen.WM-H Naumburg"]
[Site "Naumburg/Saale(20.10.-03.11.)"]
[Date "2002.10.29"]
[Round "7"]
[White "Otto, Klaus"]
[Black "Meiling, Hermann"]
[Result "1/2-1/2"]
[WhiteElo "1652"]
[BlackElo "2028"]
[PlyCount "39"]
[EventDate "2002.11.??"]

1. e4 e6 2. d4 d5 3. exd5 exd5 4. Bd3 Bd6 5. Ne2 Qh4 6. Ng3 Bg4 7. Qd2 Ne7 8.
Qg5 Qxg5 9. Bxg5 f6 10. Be3 Nbc6 11. c3 O-O 12. O-O Rae8 13. f3 Bd7 14. Re1 f5
15. Bf2 f4 16. Nf1 Bf5 17. Bxf5 Nxf5 18. Nbd2 Nd8 19. Nb3 b6 20. Rad1 1/2-1/2

[Event "12sen.WM-H Naumburg"]
[Site "Naumburg/Saale(20.10.-03.11.)"]
[Date "2002.10.29"]
[Round "7"]
[White "Ousatchi, Mark"]
[Black "Littlewood, John_E"]
[Result "1/2-1/2"]
[WhiteElo "2196"]
[BlackElo "2292"]
[PlyCount "109"]
[EventDate "2002.11.??"]

1. d4 Nf6 2. c4 g6 3. Nf3 Bg7 4. Nc3 d5 5. Bg5 Ne4 6. Bf4 Nxc3 7. bxc3 c5 8.
Be5 Bxe5 9. Nxe5 Qa5 10. Qd2 cxd4 11. cxd4 Qxd2+ 12. Kxd2 f6 13. Nf3 dxc4 14.
e4 O-O 15. Bxc4+ Kg7 16. Rab1 Nc6 17. Rhc1 f5 18. e5 Rd8 19. Kc3 b6 20. a3 h6
21. Rb2 e6 22. Rd2 Ne7 23. Kb2 Kf7 24. Bb3 Rd7 25. Ba4 b5 26. Bb3 Bb7 27. Rc5
a6 28. Ne1 Rad8 29. Kc3 Bd5 30. Bxd5 Nxd5+ 31. Kb3 Nb6 32. Nc2 g5 33. Rd3 Na4
34. Rc6 a5 35. Rh3 Rh8 36. Re3 h5 37. Ka2 Rb8 38. Rb3 Rbb7 39. Rd3 Rbc7 40.
Rxc7 Rxc7 41. Kb1 Nc3+ 42. Kb2 Nd5 43. Rb3 Rb7 44. Ne3 Nb6 45. Nc2 f4 46. Kc3
Nd5+ 47. Kd3 Kg6 48. Ke4 a4 49. Rb2 Nc3+ 50. Kd3 Nd1 51. Rb1 Nxf2+ 52. Ke2 Ne4
53. Kd3 Kf5 54. Rf1 Rf7 55. g4+ 1/2-1/2

[Event "12sen.WM-H Naumburg"]
[Site "Naumburg/Saale(20.10.-03.11.)"]
[Date "2002.10.29"]
[Round "7"]
[White "Packroff, Hermann"]
[Black "Klempt, Guenter"]
[Result "1-0"]
[WhiteElo "2262"]
[BlackElo "2069"]
[PlyCount "65"]
[EventDate "2002.11.??"]

1. d4 Nf6 2. c4 g6 3. Nc3 Bg7 4. e4 d6 5. Nf3 O-O 6. Be2 c5 7. O-O cxd4 8. Nxd4
Nc6 9. Be3 Bd7 10. Rc1 Nxd4 11. Bxd4 Bc6 12. Bd3 Nd7 13. Bxg7 Kxg7 14. Qe2 Rc8
15. b3 Nc5 16. Bb1 Ne6 17. Rfd1 Qc7 18. Nd5 Bxd5 19. exd5 Nf4 20. Qe3 e5 21. g3
Nh5 22. Qxa7 f5 23. c5 dxc5 24. d6 Qc6 25. d7 Rcd8 26. Qxc5 Qxc5 27. Rxc5 Rf7
28. Rc7 Nf6 29. Rxb7 e4 30. a4 Re7 31. a5 e3 32. fxe3 Rxe3 33. a6 1-0

[Event "12sen.WM-H Naumburg"]
[Site "Naumburg/Saale(20.10.-03.11.)"]
[Date "2002.10.29"]
[Round "7"]
[White "Pastowski, Werner"]
[Black "Giering, Helmut"]
[Result "1/2-1/2"]
[WhiteElo "1550"]
[BlackElo "1714"]
[PlyCount "39"]
[EventDate "2002.11.??"]

1. c4 f5 2. Nc3 Nf6 3. g3 e5 4. d3 Bb4 5. Bg2 c6 6. Qb3 Bxc3+ 7. Qxc3 d6 8. b3
Be6 9. Bb2 Nbd7 10. d4 Qc7 11. Nf3 e4 12. Ng5 Bg8 13. Nh3 O-O-O 14. O-O-O h6
15. f3 Bh7 16. Nf4 Rde8 17. d5 g5 18. Ne6 Qb6 19. dxc6 Rxe6 20. cxd7+ 1/2-1/2

[Event "12sen.WM-H Naumburg"]
[Site "Naumburg/Saale(20.10.-03.11.)"]
[Date "2002.10.29"]
[Round "7"]
[White "Piastowski, Kurt"]
[Black "De_Mol, Fer"]
[Result "1-0"]
[WhiteElo "1887"]
[BlackElo "1313"]
[PlyCount "87"]
[EventDate "2002.11.??"]

1. d4 Nf6 2. Nf3 e6 3. Bf4 Be7 4. e3 d6 5. Bd3 Nbd7 6. h3 h6 7. Nbd2 a6 8. c3
g5 9. Bh2 g4 10. hxg4 Nxg4 11. Bf4 h5 12. Nh2 f5 13. Nxg4 fxg4 14. Bg6+ Kf8 15.
Rxh5 Rxh5 16. Bxh5 Nf6 17. Bxg4 Qe8 18. Bh3 b5 19. Qf3 Bd7 20. Bh6+ Kf7 21. Bg4
Kg6 22. Bf4 Qh8 23. O-O-O Nd5 24. Qh3 Bh4 25. Rh1 Nxf4 26. exf4 Bf6 27. Qxh8
Rxh8 28. Rxh8 Bxh8 29. d5 Kf6 30. Kc2 Ke7 31. dxe6 Bxe6 32. Bxe6 Kxe6 33. g4
Bg7 34. Kd3 Bh6 35. Ke4 d5+ 36. Kf3 Bg7 37. Nb3 Kd6 38. Nd4 Bf6 39. g5 Bh8 40.
Kg4 b4 41. f5 c5 42. Ne2 d4 43. cxd4 cxd4 44. Nc1 1-0

[Event "12sen.WM-H Naumburg"]
[Site "Naumburg/Saale(20.10.-03.11.)"]
[Date "2002.10.29"]
[Round "7"]
[White "Polk, Maria"]
[Black "Maletzki, Heinz"]
[Result "0-1"]
[WhiteElo "1233"]
[BlackElo "1514"]
[PlyCount "107"]
[EventDate "2002.11.??"]

1. e4 c5 2. g3 Nc6 3. Bg2 e5 4. Ne2 Nge7 5. O-O Ng6 6. c3 d6 7. d4 c4 8. Nd2 b5
9. h3 Be7 10. Nf3 a5 11. d5 Na7 12. a4 b4 13. cxb4 axb4 14. b3 c3 15. Nh2 O-O
16. f4 Qb6+ 17. Kh1 Ba6 18. f5 Nh8 19. Re1 f6 20. Ng1 Nf7 21. Be3 Qc7 22. Rc1
Rfc8 23. Rc2 Qa5 24. Qf3 Bd8 25. g4 Bb6 26. h4 Bxe3 27. Qxe3 h6 28. Nhf3 Kf8
29. h5 Rc5 30. Nh4 Ng5 31. Ng6+ Kf7 32. Nh4 Nc8 33. Ngf3 Nb6 34. Nxg5+ fxg5 35.
Nf3 Kf6 36. Kh2 Nd7 37. Rd1 Rc7 38. Kg3 Nc5 39. Ne1 Nxb3 40. Ra2 Rac8 41. Nc2
Nc5 42. Rb1 b3 43. Ra3 bxc2 44. Rc1 Bb5 45. Rxc2 Nxa4 46. Bf3 Qb4 47. Qc1 Bd3
48. Rca2 Nb2 49. Ra6 Bxa6 50. Rxa6 Ke7 51. Qg1 c2 52. Rb6 Qxb6 53. Qxb6 c1=Q
54. Kf2 0-1